000 00467nmm a22001817a 4500
005 20181115115918.0
008 181115b xxu||||| |||| 00| 0 spa d
041 _aspa
082 _aTU 106
100 _aGranados Araya, Carolina
_927678
100 _aGómez Cordero, Laura
_927690
245 _aAgencia de viajes Ecole Travel
260 _c2017
650 _aCOSTA RICA
_950739
650 _aTURISMO
_9894
650 _aAGENCIAS DE VIAJES
_93013
942 _cIP
999 _c11345
_d11345